| 000 | 00795nam a22002417a 4500 | ||
|---|---|---|---|
| 003 | BD-DhSAU | ||
| 005 | 20190401121527.0 | ||
| 008 | 160824b2018 at ||||| |||| 001 0 eng d | ||
| 040 | _aBD-DhSAU | ||
| 082 |
_222 _a630 _bH27 |
||
| 100 | _aHasanuzzaman, Md. | ||
| 245 |
_aPhysiological and morphological responses to osmotic stress in barley (hordeum vulgare L.) _bPh.D Thesis _c Md. Hasanuzzaman |
||
| 260 |
_aAustralia: _bUniversity Of Tasmania, _c2017 |
||
| 300 |
_axvi, 187 p. : _bill. ; _c30 cm. |
||
| 500 | _aPh.D thesis of University Of Tasmania, Australia. | ||
| 590 | _aRoy | ||
| 650 | _a barley | ||
| 650 | _ahordeum vulgare L. | ||
| 650 | _aosmotic stress | ||
| 700 |
_aZhou, Dr. Meixue _eSupervisor |
||
| 700 |
_aMeinke, Holger _eHead of School _4Dr. |
||
| 942 |
_2ddc _cPHD |
||
| 999 |
_c14606 _d14605 |
||